| 000 | 00849nam a2200253 i 4500 | ||
|---|---|---|---|
| 001 | bg | ||
| 245 | 0 | 0 |
_aStudia z teorii polityki. _nT.2 / _cpod red. Andrzeja W. Jabłońskiego i Leszka Sobkowiaka. |
| 260 |
_aWrocław : _bWydaw. Uniwersytetu Wrocławskiego, _c1997. |
||
| 300 |
_a243 s. : _bwykr. ; _c24 cm. |
||
| 490 | 1 |
_aActa Universitatis Wratislaviensis, _x0239-6661 ; _vno 2003 |
|
| 504 | _aBibliogr. przy pracach. | ||
| 650 | 9 |
_aPolityka _xteoria |
|
| 655 | _aPodręczniki akademickie | ||
| 700 | 1 |
_aJABŁOŃSKI, Andrzej Wojciech. _eRed. |
|
| 700 | 1 |
_aSOBKOWIAK, Leszek. _eRed. |
|
| 830 |
_aActa Universitatis Wratislaviensis, _x0239-6661 ; |
||
| 020 | _a8322916515 (t. 2) | ||
| 040 | _cBPK | ||
| 041 | 0 | _apl | |
| 080 | _a32.001(075.8) | ||
| 920 | _a83-229-1651-5 (t. 2) | ||
| 942 | _cKS | ||
| 008 | s pl f |000 0 pol | ||
| 999 |
_c34729 _d34729 |
||
| 856 |
_uhttp://koha.tu.koszalin.pl/cgi-bin/koha/opac-detail.pl?biblionumber=34729 _yKatalog online BPK |
||